00322nam a2200133Ia 450000500170000000800410001702000150005808200130007310000130008624500150009926000430011430000130015765000180017020250411042921.0240331s9999 xx 000 0 und d a9559540033 bPERa891 aPerera,T 0aGiri durga aSri LankabNawa Smaki Prakashikac1993 a240 p ., aSinhala Novel